| 000 | 00711am a2200253a 44500 | ||
|---|---|---|---|
| 003 | AR-BaBNM | ||
| 005 | 20251128210708.0 | ||
| 008 | 041020s1998 #AR|||||||||||000 | spa|| | ||
| 020 | _a950-07-1483-3 | ||
| 040 | _cAR-BaBNM | ||
| 245 | 1 | 0 |
_aCabras, mujeres y mulas _bantología del odio/miedo a la mujer en la literatura popular |
| 260 |
_aBuenos Aires _bSudamericana _c1998 |
||
| 300 | _a300 p. | ||
| 650 | 4 | _aLITERATURA POPULAR | |
| 650 | 4 | _aANTOLOGIAS | |
| 650 | 4 | _aLITERATURA FOLKLORICA | |
| 650 | 4 | _aANTROPOLOGIA CULTURAL Y SOCIAL | |
| 650 | 4 | _aMUJERES | |
| 650 | 4 | _aDISCRIMINACION SEXUAL | |
| 655 | _aLITERATURA | ||
| 700 | 1 |
_aShua, Ana María _ecompilador |
|
| 942 | _cBK | ||
| 998 | _cMARTIN | ||
| 999 |
_c16480 _d16480 |
||